000 00800nam a2200229 a 4500
001 000011383
005 20250219074027.0
008 091016s2006 dr r 001 p spa d
020 _a9789945068023
040 _aDO-SdBNP
_bspa
_cBNPHU
082 _aRD861.5
_bA526ll
100 1 _aAmparo Rijo, Luis Miguel,
_d1984-
_926998
245 1 3 _aEl llanto del sida y otros poemas /
_cLuis Miguel Amparo Rijo; edición Isael Pérez.
260 _aSanto Domingo :
_bBúho,
_c2006.
300 _a52 p. ;
_c22 cm.
500 _aIncluye datos biográficos del autor en la solapa de la cubierta
590 _aInventariado, 2019 / DG
650 0 _aPoesía dominicana
_966
650 0 _aLiteratura dominicana.
_967
700 1 _aPérez, Isael,
_d1961-
_eed.
_91414
910 _aValidado. Control de calidad. MMOLINA
999 _c11090
_d11090